Cruzando el umbral de la esperanza

Saved in:
Bibliografiske detaljer
Hovedforfatter: Juan Pablo II (Author)
Format: Bog
Sprog:spansk
Udgivet: Barcelona Plaza & Janés 1994
Udgivelse:1a. ed
Fag:
Tags: Tilføj Tag
Ingen Tags, Vær først til at tagge denne postø!

MARC

LEADER 00000cam a2200000 a 4500
001 UCY3113
003 CL-VaPUC
008 941213e19940000SP |||||||||||||||||spa|d
020 |a 8401326052 
082 0 4 |a 262.91  |b JUA  |2 21 
100 |a Juan Pablo II  |e author  |9 309920 
245 1 0 |a Cruzando el umbral de la esperanza 
250 |a 1a. ed 
300 |a 222 p 
942 |c BK 
945 |d 19941213 00:00:00  |a aalvarez 
260 |a Barcelona  |b Plaza & Janés  |c 1994 
650 0 |a Esperanza  |9 314979 
650 0 |a Aspectos religiosos  |9 257320 
583 |a last modification  |c 20151020 03:09:21  |k Rodrigo Vera 
999 |c 231342  |d 231340 
952 |0 0  |1 0  |4 0  |6 262_910000000000000_JUA_1994  |7 0  |8 A  |9 234513  |a BIBTEO  |b BIBTEO  |d 2019-11-15  |i 3130339  |o 262.91 JUA 1994  |p 3130339  |r 2025-01-17  |w 2019-11-15  |y BK  |k ICR 
952 |0 0  |1 0  |3 erb  |4 0  |6 262_910000000000000_JUA_1994  |7 0  |8 A  |9 234514  |a BIBTEO  |b BIBTEO  |i 5244536  |o 262.91 JUA 1994  |p 5244536  |r 2025-01-17  |w 2019-11-15  |y BK  |z Catalogado en:20151022  |k ICR